O privatizačných možnostiach slovenských podnikateľov v zahraničí Chcete investovať v Rusku? Slovinsko potrebuje zahraničný kapitál

Podrobné informácie o privatizačných možnostiach v Slovinskej republike a v Ruskej federácii. Orientácia v ekonomických a legislatívnych podmienkach pre slovenské podnikateľské subjekty.

Enregistré dans:
Détails bibliographiques
Auteur principal: Tökölyová, J.
Autres auteurs: Jurkovičová, B.
Format: Chapitre de livre
Langue:slovaque
Sujets:
Tags: Ajouter un tag
Pas de tags, Soyez le premier à ajouter un tag!

MARC

LEADER 00000naa a2200000 4500
001 r026225
005 20230824090410.3
041 0 |a slo 
044 |a SK 
245 1 0 |a O privatizačných možnostiach slovenských podnikateľov v zahraničí  |b Chcete investovať v Rusku? Slovinsko potrebuje zahraničný kapitál  |c J. Tökölyová, B. Jurkovičová 
520 |a Podrobné informácie o privatizačných možnostiach v Slovinskej republike a v Ruskej federácii. Orientácia v ekonomických a legislatívnych podmienkach pre slovenské podnikateľské subjekty. 
610 2 0 |a Rusko 
610 2 0 |a Slovinsko 
610 2 0 |a 1997 
610 2 0 |a podnikanie v zahraničí 
610 2 0 |a investície v zahraničí 
610 2 0 |a kapitál zahraničný 
100 1 |a Tökölyová, J. 
700 1 |a Jurkovičová, B.